00566nam a22001217a 4500003000200000005001700002008004100019040002000060100004500080245024700125260006300372300000900435020160609172155.0130812t xxu||||| |||| 00| 0 eng d aBUACbFrcBEPAC aAHOUANGBENON, Houéfa Mardyle Fresnelle aPotentialités des jardins botaniques villageois dans la conservation des plantes utilisées en médecine traditionnelle vétérinaire dans les communes de Pehunco et Sinendé au Nord du BénincAHOUANGBENON, Houéfa Mardyle Fresnelle aAbomey-CalavibEcole Polytechnique d’Abomey-Calavic2007 a57p.